• 首页
  • 本馆介绍
  • 公告通知
  • 最新文献
  • 馆藏检索
  • 电子资源
  • 读者导购
  • 参考咨询
  • 我的图书馆
  • 登录
  • 详细信息显示
  • 放入我的书架
  • 预约/预借图书
  • 作者相关作品
  • 分类相关作品
  • 丛书相关作品
  • 出版社相关作品

书目信息

  • 表格格式
  • 工作单格式
  • 卡片格式
题名:
高细胞密度发酵技术
    
 
作者: 李寅 , 高海军 , 陈坚 编著
分册:  
出版信息: 北京   化学工业出版社  2006
页数: 376页
开本: 26cm
丛书名: 现代发酵工程丛书
单 册:
中图分类: TQ920.1
科图分类:
主题词: 发酵工程
电子资源:
ISBN: 7-5025-9242-3
000 00961oam2 2200277 450
001 012007733311
005 20070522170730.78
010    @a7-5025-9242-3@dCNY48.00
100    @a20070515d2006 km y0chiy0120 ea
101 0  @achi
102    @aCN@b110000
105    @ay z 000yy
106    @ar
200 1  @a高细胞密度发酵技术@Agao xi bao mi du fa jiao ji shu@f李寅,高海军,陈坚编著@Fli yin,gao hai jun,chen jian bian zhu
210    @a北京@c化学工业出版社@d2006
215    @a376页@d26cm
225 2  @a现代发酵工程丛书
330    @a本书系统阐述高细胞密度发酵的技术细节与应用概况,介绍了如何设计适于高细胞密度发酵的培养基,如何针对微生物类型选择合适的反应器等内容。
461  0 @12001 @a现代发酵工程丛书
606 0  @a发酵工程
690    @aTQ920.1@v4
701  0 @a李寅@Ali yin@c(生物科学)@4编著
701  0 @a高海军@Agao hai jun@c(生物科学)@4编著
701  0 @a陈坚@Achen jian@c(发酵工程)@4编著
801  0 @aCN@bRULIN@c20070522
905    @dTQ920.1@e21@s8
    
    高细胞密度发酵技术/李寅,高海军,陈坚编著.-北京:化学工业出版社,2006
    376页;26cm.-(现代发酵工程丛书)
    
    
    ISBN 7-5025-9242-3:CNY48.00
    本书系统阐述高细胞密度发酵的技术细节与应用概况,介绍了如何设计适于高细胞密度发酵的培养基,如何针对微生物类型选择合适的反应器等内容。
●
相关链接 在E读中查询图书 在五车中查询图书 在当当中查询图书 在豆瓣中查询图书


正题名:高细胞密度发酵技术     索取号:TQ920.1/21         预约/预借

序号 登录号 条形码 馆藏地/架位号 状态 备注
1 0574279   205742794   第二样本阅览室/ [索取号:TQ920.1/21] 在馆    
2 0574280   205742801   第三借阅区/ [索取号:TQ920.1/21] 在馆    
3 0574281   205742810   第三借阅区/ [索取号:TQ920.1/21] 在馆    
4 0574282   205742829   第三借阅区/ [索取号:TQ920.1/21] 在馆    
5 0574283   205742838   第三借阅区/ [索取号:TQ920.1/21] 在馆    
6 0574284   205742847   第三借阅区/ [索取号:TQ920.1/21] 在馆    
7 0574285   205742856   第三借阅区/ [索取号:TQ920.1/21] 在馆    
8 0574286   205742865   第三借阅区/ [索取号:TQ920.1/21] 在馆    
唐山师范学院图书馆 欢迎您!
大连网信软件有限公司© 版权所有